| 000 | 00680nam a2200205 a 4500 | ||
|---|---|---|---|
| 003 | MX-MxUPN | ||
| 005 | 20220914114355.0 | ||
| 008 | 991125s1907 sp 000 0 spa d | ||
| 035 | _aUPN01000013214 | ||
| 040 |
_aMX-MxUPN _bspa _cMX-MxUPN |
||
| 041 | 0 | _aspa | |
| 050 | 1 | 4 |
_aLB1577 C97 _b1907 |
| 245 | 0 | 0 |
_aCurso elemental de gramática castellana según los principios de la Real Academia Española : _bprimer grado : libro del maestro / _cpor F. T. D |
| 250 | _aSegunda edición. | ||
| 260 |
_aBarcelona, Esp. : _bLibrería Católica, _c1907 |
||
| 300 |
_a254 páginas : _bilustraciones |
||
| 650 | 7 |
_aEspañol _xGramática _2 _914623 |
|
| 904 |
_aAC _b013215 |
||
| 905 | _aLibro | ||
| 999 |
_c13214 _d13214 |
||